Best Selling PS4 Games - Statistics

General Stats
  • This quiz has been taken 159 times
  • The average score is 6 of 34
Answer Stats
Number Copies Sold Game % Correct
2 (exclusive) 16 million Uncharted 4
59%
1 20 million Grand Theft Auto V
50%
3 14 million Red Dead Redemption 2
42%
7 (exclusive) 10 million Horizon Zero Dawn
40%
8 (exclusive remaster) 10 million The Last of Us Remastered
35%
6 10.8 million The Witcher 3
26%
21 (exclusive) 2 million Bloodborne
25%
31 1 million Fifa 17
24%
18 2.4 million Fifa 18
23%
19 (exclusive) 2.4 million Ghost of Tsushima
20%
10 (exclusive) 6 million Infamous Second Son
17%
5 (exclusive) 12 million God of War 2018
16%
14 (exclusive) 3.2 million Detroit Become Human
15%
13 (exclusive) 4 million The Last of Us Part II
15%
15 (exclusive) 3.2 million Persona 5
14%
26 1.3 million Battlefield 1
13%
9 (exclusive) 8 million Gran Turismo Sport
13%
17 2.5 million Final Fantasy XV
11%
23 (exclusive) 2 million Knack
11%
28 1.1 million Metal Gear Solid V
11%
29 1 million Call of Duty Black Ops III
10%
12 4.67 million Monster Hunter World
10%
4 (exclusive) 13.2 million Spider-Man PS4
10%
24 1.7 million Call of Duty WWII
7%
16 (initially exclusive) 2.5 million Crash Bandicoot N-Sane Trilogy
7%
20 (exclusive) 2.1 million Killzone Shadow Fall
7%
27 1.3 million Dragon Quest XI
5%
34 (exclusive) 1 million Nioh
5%
11 (exclusive) 5 million Final Fantasy VII Remake
4%
25 (initially exclusive) 1.6 million Nier Automata
4%
22 (exclusive) 2 million Driveclub
3%
33 1 million Kingdom Hearts III
3%
30 1 million Crash Team Racing Nitro-Fueled
2%
32 (exclusive remaster) 1 million Final Fantasy XII The Zodiac Age
2%
No matching quizzes found
Score Distribution
Percent of People with Each Score
Percentile by Number Answered
Your Score History
You have not taken this quiz